[Event "28. Friedensfest-Open (AFRO-A)"]
[Site "Augsburg"]
[Date "2023.08.05"]
[Round "5.20"]
[White "Krien, Hartmut"]
[Black "Doll, Luca Fabio"]
[Result "0-1"]
[WhiteElo "1948"]
[BlackElo "1757"]
[EventDate "2023.08.03"]
[Time "09:30:00"]
[WhiteTeam "Schachklub Heidenau"]
[BlackTeam "TSV Langenau"]

1.e4 c5 2.Nc3 e6 3.Nge2 Nc6 4.g3 a6 5.Bg2 Qc7 6.a4 b6 7.O-O Bb7 8.d3 Nf6 
9.h3 Nb4 10.Bf4 d6 11.g4 Be7 12.Bh2 e5 13.Ng3 O-O-O 14.Nf5 g5 15.Ne2 h5 
16.c3 Nc6 17.d4 hxg4 18.d5 Nb8 19.hxg4 Nxg4 20.Bg3 Nh6 21.Bh3 Nxf5 22.
Bxf5+ Nd7 23.b4 Kb8 24.Qd2 Bc8 25.a5 b5 26.c4 bxc4 27.Rfc1 Nf6 28.Rxc4 
Bxf5 29.exf5 Nd7 30.Nc3 Ka7 31.b5 Qc8 32.b6+ Kb7 33.Nb5 Nb8 34.Nc7 Qxf5 
35.Qe2 Rh7 36.Qe4 Qxe4 37.Rxe4 f5 38.Re2 f4 39.Bh2 f3 40.Rxe5 dxe5 41.Bxe5
Nd7 42.d6 Bxd6 43.Ne6 Re8 44.Nxg5 Rg8 0-1

[Event "28. Friedensfest-Open (AFRO-A)"]
[Site "Augsburg"]
[Date "2023.08.04"]
[Round "3.35"]
[White "Stumpf, Vitali"]
[Black "Bangerter, Daria"]
[Result "0-1"]
[WhiteElo "1665"]
[BlackElo "1802"]
[EventDate "2023.08.03"]
[Time "09:30:00"]
[WhiteTeam "?"]
[BlackTeam "Zuerich Reti ASK"]

1.e4 c5 2.Nf3 g6 3.d4 cxd4 4.Qxd4 Nf6 5.e5 Nc6 6.Qa4 Nd5 7.c4 Nc7 8.Nc3 
Bg7 9.Bf4 Ne6 10.Bg3 Nc5 11.Qc2 O-O 12.a3 d6 13.b4 Bf5 14.Qb2 Nd3+ 15.Bxd3
Bxd3 16.Rd1 Bxc4 17.exd6 exd6 18.Rxd6 Qe7+ 19.Kd1 Rad8 20.Rxd8 Rxd8+ 21.
Kc1 Rd3 22.Re1 Bxc3 23.Rxe7 Bxb2+ 0-1

[Event "28. Friedensfest-Open (AFRO-A)"]
[Site "Augsburg"]
[Date "2023.08.05"]
[Round "5.4"]
[White "Player, Edmund"]
[Black "Struck, Christian"]
[Result "1-0"]
[WhiteElo "2204"]
[BlackElo "1915"]
[EventDate "2023.08.03"]
[Time "09:30:00"]
[WhiteTeam "FC Bayern Muenchen e.V."]
[BlackTeam "Schachfreunde Augsburg"]

1.e4 c5 2.Nf3 a6 3.c3 d5 4.exd5 Qxd5 5.d4 g6 6.Be2 cxd4 7.cxd4 Bg7 8.Nc3 
Qd6 9.Be3 Nf6 10.Qd2 O-O 11.Bf4 Qd8 12.Ne5 Be6 13.O-O Bd5 14.Rac1 Nbd7 15.
Rc2 Ne4 16.Qe3 Nxc3 17.Rxc3 Nf6 18.b3 Qa5 19.Rc2 Rfc8 20.Rfc1 Rxc2 21.Rxc2
Qd8 22.h4 Rc8 23.Rc5 Ne4 24.Rxd5 Qxd5 25.Bc4 Rxc4 26.bxc4 Qe6 27.Qxe4 f6 
28.d5 1-0

[Event "28. Friedensfest-Open (AFRO-A)"]
[Site "Augsburg"]
[Date "2023.08.06"]
[Round "7.13"]
[White "Rempel, Alexander jun."]
[Black "Struck, Christian"]
[Result "1/2-1/2"]
[WhiteElo "1484"]
[BlackElo "1915"]
[EventDate "2023.08.03"]
[Time "09:30:00"]
[WhiteTeam "Schachfreunde Augsburg"]
[BlackTeam "Schachfreunde Augsburg"]

1.e4 c5 2.Nf3 g6 3.d4 cxd4 4.Nxd4 Bg7 5.c4 Nc6 6.Be3 Nf6 7.f3 d6 8.Nc3 O-O
9.Qd2 Bd7 10.g4 Nxd4 11.Bxd4 Bc6 12.h4 Nd7 13.Bxg7 Kxg7 14.h5 Rh8 15.Be2 
Qa5 16.O-O-O a6 17.a3 1/2-1/2

[Event "28. Friedensfest-Open (AFRO-A)"]
[Site "Augsburg"]
[Date "2023.08.06"]
[Round "7.34"]
[White "Schaad, Simon Ulrich Maria"]
[Black "Wagner, Cosima Thien-An"]
[Result "1-0"]
[WhiteElo "1724"]
[BlackElo "1537"]
[EventDate "2023.08.03"]
[Time "09:30:00"]
[WhiteTeam "SK Keres-Augsburg 1980"]
[BlackTeam "TV Tegernsee"]

1.e4 c5 2.Nf3 g6 3.Bc4 Bg7 4.O-O Nf6 5.e5 Ng4 6.Re1 Nc6 7.Bxf7+ Kxf7 8.
Ng5+ Ke8 9.Qxg4 Nxe5 10.Qa4 e6 11.Nxe6 Qf6 12.Nxg7+ Qxg7 13.d4 Kf7 14.dxe5
Re8 15.Qc4+ Re6 16.Nc3 Kf8 17.Bf4 b6 18.Nd5 Rc6 19.Bg5 Rb8 20.Re3 b5 21.
Qh4 h5 22.Qf4+ Qf7 23.Rf3 Qxf4 24.Rxf4+ Kg7 25.g4 Bb7 26.Bf6+ Kh7 27.gxh5 
gxh5 28.h4 Rg8+ 29.Bg5 Rg7 30.Rf6 Re6 31.Rxe6 dxe6 32.Nf6+ Kg6 33.Rd1 Kf5 
34.f4 Bc6 35.Nxh5 Rg8 36.Nf6 Rg7 37.Kf2 1-0

[Event "28. Friedensfest-Open (AFRO-A)"]
[Site "Augsburg"]
[Date "2023.08.03"]
[Round "1.31"]
[White "Valean, David-Andrei"]
[Black "Bangerter, Daria"]
[Result "0-1"]
[WhiteElo "1648"]
[BlackElo "1802"]
[EventDate "2023.08.03"]
[Time "09:30:00"]
[WhiteTeam "Turngemeinde Schweinfurt 1848 e."]
[BlackTeam "Zürich Réti ASK"]

1.e4 c5 2.Nf3 g6 3.d4 cxd4 4.Nxd4 Bg7 5.Be3 Nf6 6.Nc3 Nc6 7.Bc4 O-O 8.Nb3 
d6 9.f3 a6 10.a3 b5 11.Be2 Bb7 12.Qd2 Ne5 13.O-O-O Nc4 14.Bxc4 bxc4 15.Nd4
d5 16.exd5 Nxd5 17.Nxd5 Qxd5 18.Ne2 Qe6 19.Bd4 Rfd8 20.c3 Bc6 21.Qc2 Bh6+ 
22.Kb1 Rab8 23.Rhe1 Qc8 24.Be5 Rb7 25.Rxd8+ Qxd8 26.Nd4 Bd7 27.Re2 Qb6 28.
Bg3 e6 29.Be5 Qa5 30.Qe4 Qb6 31.Qh4 Bg7 32.Bxg7 Kxg7 33.Rd2 e5 34.Ne2 Bf5+
35.Ka1 Qe3 36.Qe1 Bd3 37.Qd1 Rd7 38.Ng3 Bc2 39.Rxd7 Bxd1 40.Rxd1 Qf2 41.
Rd6 Qg1+ 42.Ka2 Qxh2 43.Ne4 Qxg2 44.Rxa6 Qxf3 45.Nd6 e4 46.Nxc4 e3 47.Nxe3
Qxe3 48.a4 Qd3 49.Ra7 Qc4+ 50.Kb1 Qg4 51.Ka2 Qc4+ 52.Kb1 h5 53.b4 Qb3+ 0-1

[Event "28. Friedensfest-Open (AFRO-A)"]
[Site "Augsburg"]
[Date "2023.08.04"]
[Round "3.36"]
[White "Komarov, Jan"]
[Black "Wagner, Cosima Thien-An"]
[Result "1-0"]
[WhiteElo "1793"]
[BlackElo "1537"]
[EventDate "2023.08.03"]
[Time "09:30:00"]
[WhiteTeam "Schachklub Muenchen Suedost e.V."]
[BlackTeam "TV Tegernsee"]

1.e4 c5 2.Nf3 g6 3.d4 cxd4 4.Nxd4 Bg7 5.c4 Nc6 6.Be3 d6 7.Nc3 Nf6 8.Be2 
O-O 9.O-O a6 10.Qd2 Qc7 11.f3 Ne5 12.b3 Nc6 13.Rac1 Nd7 14.Nd5 Qd8 15.Rfd1
e6 16.Nxc6 bxc6 17.Nb4 Bb7 18.Qxd6 Ne5 19.Qxd8 Rfxd8 20.Bb6 Rd7 21.f4 c5 
22.Bxc5 Rxd1+ 23.Rxd1 Nc6 24.Bf3 Nxb4 25.Bxb4 e5 26.fxe5 Bxe5 27.Bd6 Bg7 
28.e5 Bxf3 29.gxf3 Rd8 30.Rd5 Bf8 31.Bxf8 Rxd5 32.cxd5 Kxf8 33.f4 Ke7 34.
h4 f6 35.Kf2 fxe5 36.fxe5 h6 37.Kf3 Kd7 38.Kg4 1-0

[Event "28. Friedensfest-Open (AFRO-A)"]
[Site "Augsburg"]
[Date "2023.08.03"]
[Round "2.26"]
[White "Altok, Mesut"]
[Black "Nagy, Peter"]
[Result "1-0"]
[WhiteElo "1904"]
[BlackElo "1585"]
[EventDate "2023.08.03"]
[Time "15:30:00"]
[WhiteTeam "Satranç Club 2000 e. V."]
[BlackTeam "Rosenheimer-Schachverein in der"]

1.e4 c5 2.Nf3 d6 3.c3 Nf6 4.Bd3 g6 5.a4 Bg7 6.Na3 O-O 7.Qe2 e5 8.Bc4 Nc6 
9.d3 h6 10.Bd2 a6 11.O-O Kh7 12.b4 b6 13.Rab1 cxb4 14.cxb4 Nd4 15.Nxd4 
exd4 16.Nc2 Bb7 17.f3 d5 18.Bb3 dxe4 19.fxe4 Qd7 20.b5 axb5 21.axb5 Ng4 
22.Bb4 Ne5 23.Bxf8 Bxf8 24.Rf6 Qxb5 25.Ba2 Qc5 26.Bxf7 Ra2 1-0

[Event "28. Friedensfest-Open (AFRO-A)"]
[Site "Augsburg"]
[Date "2023.08.04"]
[Round "3.41"]
[White "Schaad, Simon Ulrich Maria"]
[Black "Sensoy, Emir"]
[Result "0-1"]
[WhiteElo "1724"]
[BlackElo "1416"]
[EventDate "2023.08.03"]
[Time "09:30:00"]
[WhiteTeam "SK Keres-Augsburg 1980"]
[BlackTeam "MSA Zugzwang 82 e.V."]

1.e4 c5 2.Nf3 d6 3.b3 Nc6 4.Bb2 Nf6 5.Nc3 g6 6.Nd5 Bg7 7.Nxf6+ exf6 8.Bc4 
O-O 9.O-O Re8 10.Re1 f5 11.Bxg7 Kxg7 12.Bd5 Nb4 13.a3 Nxd5 14.exd5 b5 15.
d4 Rxe1+ 16.Nxe1 c4 17.Qe2 Qc7 18.a4 Bb7 19.axb5 Bxd5 20.b4 Qd7 21.c3 Re8 
22.Qd2 Re7 23.Nc2 Qxb5 24.Ra5 Qc6 25.Ne3 Be4 26.d5 Qc7 27.Qd4+ f6 28.Nxc4 
Bxd5 29.Ne3 Bf7 30.Kf1 f4 31.Nd5 Bxd5 32.Rxd5 Re6 33.c4 Qe7 34.Qd2 g5 35.
c5 dxc5 36.bxc5 Qe8 37.Rd7+ Kh6 38.c6 Rxc6 39.Rxa7 Qe5 40.Ra5 Rc1+ 41.Qxc1
Qxa5 42.h4 Qd5 43.hxg5+ fxg5 44.Qa1 Kh5 45.Kg1 h6 46.Qe1 Qd3 47.Kh2 Qd7 
48.Qe4 Qf7 49.f3 Qg6 50.Qd5 Qf6 51.Qg8 Qe7 52.Kh3 Qd7+ 53.Kh2 g4 54.fxg4+ 
Qxg4 55.Qe8+ Kh4 56.Qe7+ Qg5 57.Qe2 Qg3+ 58.Kh1 Qe3 59.Qd1 Kg3 60.Qf1 h5 
61.Qb1 h4 62.Qg6+ Kf2 63.Qc2+ Qe2 64.Qc5+ Kg3 65.Qg5+ Qg4 66.Qe5 Qd1+ 0-1

[Event "28. Friedensfest-Open (AFRO-A)"]
[Site "Augsburg"]
[Date "2023.08.04"]
[Round "4.15"]
[White "Bangerter, Daria"]
[Black "Vuong, Anh-Tu"]
[Result "0-1"]
[WhiteElo "1802"]
[BlackElo "2031"]
[EventDate "2023.08.03"]
[Time "15:30:00"]
[WhiteTeam "Zuerich Reti ASK"]
[BlackTeam "TSV Landsberg"]

1.e4 c5 2.Nf3 d6 3.Bb5+ Bd7 4.Bxd7+ Qxd7 5.O-O Nf6 6.Re1 Nc6 7.c3 e5 8.d4 
cxd4 9.cxd4 exd4 10.Nxd4 Be7 11.Bf4 O-O 12.Nc3 Rfe8 13.Nf5 Rad8 14.Qf3 d5 
15.Qg3 g6 16.Nh6+ Kf8 17.exd5 Nb4 18.d6 Bxd6 19.Red1 Re6 20.Qf3 Qc6 21.Qg3
Nbd5 22.Nxd5 Nxd5 23.Qg5 Be7 24.Qg3 Nxf4 25.Rxd8+ Bxd8 26.Qxf4 f5 27.Ng4 
Bc7 28.Qh6+ Kg8 29.Ne3 f4 30.Ng4 Qe4 31.h4 f3 32.Ne3 Bf4 33.gxf3 Qxf3 0-1

[Event "28. Friedensfest-Open (AFRO-A)"]
[Site "Augsburg"]
[Date "2023.08.06"]
[Round "7.1"]
[White "Schwan, Aaron"]
[Black "Reimann, Sebastian"]
[Result "0-1"]
[WhiteElo "1834"]
[BlackElo "2265"]
[EventDate "2023.08.03"]
[Time "09:30:00"]
[WhiteTeam "SK Tarrasch 1945 Muenchen"]
[BlackTeam "SK Kriegshaber"]

1.e4 c5 2.Nf3 d6 3.Bb5+ Nd7 4.a4 Nf6 5.Qe2 a6 6.Bc4 g6 7.a5 e6 8.O-O Bg7 
9.c3 O-O 10.Bb3 e5 11.d3 h6 12.Nbd2 Nb8 13.d4 cxd4 14.cxd4 exd4 15.Nxd4 
Re8 16.Qc4 Qe7 17.Bc2 Bd7 18.N2f3 Nc6 19.Bf4 Rac8 20.Qb3 Nxd4 21.Nxd4 Nxe4
22.Rae1 Bxd4 23.Rxe4 Qf6 24.Bg3 Be6 25.Qd3 Bxb2 26.Ba4 Red8 27.Qe3 d5 28.
Rb4 Bc3 29.Rxb7 d4 30.Qxh6 Rd5 31.Bh4 Qg7 32.Qxg7+ Kxg7 33.Bb3 Rd6 34.Bg3 
Rdc6 35.Ba4 Rc5 36.Bd6 Rxa5 37.Bd7 Bxd7 38.Rxd7 Re8 39.f4 Kf6 40.Be5+ Kf5 
41.Rxf7+ Ke4 42.Rd7 Rd5 43.Rxd5 Kxd5 44.Kf2 a5 45.Rb1 a4 46.Rb6 Ra8 47.Bd6
Ba5 48.Rb5+ Kxd6 49.Rg5 a3 50.Rxg6+ Kd5 51.Rg3 Bc3 0-1

[Event "28. Friedensfest-Open (AFRO-A)"]
[Site "Augsburg"]
[Date "2023.08.03"]
[Round "1.21"]
[White "Bossinger, Patrick"]
[Black "Heron, Andrew"]
[Result "1/2-1/2"]
[WhiteElo "2003"]
[BlackElo "1852"]
[EventDate "2023.08.03"]
[Time "09:30:00"]
[WhiteTeam "SV Jedesheim 1921"]
[BlackTeam "SC Triesen"]

1.e4 c5 2.Nf3 d6 3.d4 cxd4 4.Qxd4 a6 5.c4 Nc6 6.Qd3 g6 7.Bd2 Bg7 8.Bc3 Nf6
9.e5 dxe5 10.Qxd8+ Nxd8 11.Bxe5 Nc6 12.Bc3 O-O 13.Be2 Rd8 14.Nbd2 Bf5 15.
O-O Ne4 16.Nxe4 Bxe4 17.Bxg7 Kxg7 18.Rfd1 e5 19.Rxd8 Rxd8 20.Rd1 Nd4 21.
Nxd4 exd4 22.Bd3 Bc6 1/2-1/2

[Event "28. Friedensfest-Open (AFRO-A)"]
[Site "Augsburg"]
[Date "2023.08.04"]
[Round "4.17"]
[White "Heron, Andrew"]
[Black "Sowka, Patrick"]
[Result "0-1"]
[WhiteElo "1852"]
[BlackElo "1737"]
[EventDate "2023.08.03"]
[Time "15:30:00"]
[WhiteTeam "SC Triesen"]
[BlackTeam "FC Ergolding 1932 e.V."]

1.e4 c5 2.Nf3 d6 3.d4 cxd4 4.Qxd4 Nc6 5.Bb5 Bd7 6.Qd3 Rc8 7.c4 a6 8.Bxc6 
Bxc6 9.Nc3 g6 10.O-O Bg7 11.Be3 Nf6 12.h3 O-O 13.Rac1 b5 14.cxb5 axb5 15.
Nd5 Bxd5 16.exd5 Qa5 17.a3 b4 18.Qd2 Nxd5 19.Rxc8 Rxc8 20.Rd1 Nxe3 21.Qxe3
bxa3 22.bxa3 Bf6 23.Rb1 Kg7 24.Rb3 Rc3 25.Rxc3 Qxc3 26.Qa7 d5 27.a4 d4 28.
a5 Qc1+ 29.Kh2 Qf4+ 30.Kg1 d3 31.Qe3 Qd6 32.Qb6 Be5 33.Qb5 Bf6 34.Qb6 Be5 
35.Qb5 f6 36.a6 d2 37.Nxd2 Qxd2 38.Qf1 Bd4 39.g3 Bc5 40.h4 Qd4 41.Qe2 e5 
42.Kg2 e4 43.Qc2 e3 44.fxe3 Qxe3 45.Qd1 Bd4 46.Kh3 f5 47.Kg2 Kh6 48.Qf1 
Be5 49.Qf3 Qxf3+ 50.Kxf3 Bb8 51.g4 Kg7 52.gxf5 gxf5 53.Ke3 Kf6 0-1

[Event "28. Friedensfest-Open (AFRO-A)"]
[Site "Augsburg"]
[Date "2023.08.03"]
[Round "2.27"]
[White "Goettler, Raphael"]
[Black "Vogel, Darius"]
[Result "1-0"]
[WhiteElo "1689"]
[BlackElo "1884"]
[EventDate "2023.08.03"]
[Time "15:30:00"]
[WhiteTeam "Schachfreunde Augsburg"]
[BlackTeam "TSV Trostberg"]

1.e4 c5 2.Nf3 d6 3.d4 cxd4 4.Nxd4 Nf6 5.Nc3 a6 6.a4 e5 7.Nf3 Be7 8.Be2 Be6
9.Ng5 Bd7 10.Bc4 O-O 11.f3 h6 12.h4 hxg5 13.hxg5 Ne8 14.f4 g6 15.f5 Bxg5 
16.Qg4 Kg7 17.Bxg5 f6 18.Rh7+ 1-0

[Event "28. Friedensfest-Open (AFRO-A)"]
[Site "Augsburg"]
[Date "2023.08.06"]
[Round "7.2"]
[White "Player, Edmund"]
[Black "Sowka, Patrick"]
[Result "1-0"]
[WhiteElo "2204"]
[BlackElo "1737"]
[EventDate "2023.08.03"]
[Time "09:30:00"]
[WhiteTeam "FC Bayern Muenchen e.V."]
[BlackTeam "FC Ergolding 1932 e.V."]

1.e4 c5 2.Nf3 d6 3.d4 cxd4 4.Nxd4 Nf6 5.Nc3 a6 6.h3 b5 7.g4 Bb7 8.Bg2 e6 
9.g5 Nfd7 10.h4 Qc7 11.h5 Nc6 12.Nce2 Nc5 13.Nxc6 Bxc6 14.Ng3 d5 15.Qe2 
O-O-O 16.Bd2 Qe5 17.O-O-O Na4 18.c3 Qd6 19.exd5 Bxd5 20.Be3 Qc6 21.Bxd5 
Rxd5 22.Kb1 Bc5 23.Rxd5 Qxd5 24.Rd1 Qc6 25.Bxc5 Nxc5 26.Qe5 Rd8 27.Rxd8+ 
Kxd8 28.Qxg7 Qf3 29.Qd4+ Nd7 30.Kc2 Ke7 31.h6 e5 32.Qe3 Qg4 33.Ne4 f5 34.
gxf6+ Nxf6 35.Qc5+ Kf7 36.Nxf6 Kxf6 37.Qf8+ Kg5 38.Qg7+ Kh5 39.Qxg4+ Kxg4 
40.Kd2 Kg5 41.Ke3 Kxh6 42.Ke4 Kg5 43.Kxe5 Kg4 44.f4 h5 45.f5 h4 46.f6 h3 
47.f7 h2 48.f8=Q h1=Q 49.Qg8+ Kf3 50.Qd5+ 1-0

[Event "28. Friedensfest-Open (AFRO-A)"]
[Site "Augsburg"]
[Date "2023.08.04"]
[Round "4.29"]
[White "Doll, Luca Fabio"]
[Black "Vogel, Darius"]
[Result "1-0"]
[WhiteElo "1757"]
[BlackElo "1884"]
[EventDate "2023.08.03"]
[Time "15:30:00"]
[WhiteTeam "TSV Langenau"]
[BlackTeam "TSV Trostberg"]

1.e4 c5 2.Nf3 d6 3.d4 cxd4 4.Nxd4 Nf6 5.Nc3 a6 6.Bd3 e5 7.Nde2 Be7 8.O-O 
O-O 9.Ng3 Be6 10.Re1 Nbd7 11.h3 b5 12.a3 Nb6 13.Qf3 Re8 14.Nf5 Bf8 15.Bg5 
Nbd7 16.Rad1 h6 17.Bc1 Kh7 18.g4 g6 19.Ng3 Ng8 20.Kg2 Qf6 21.Qe2 Ne7 22.
Rh1 Nc6 23.Rdf1 Nd4 24.Qd1 Nc5 25.f4 Nxd3 26.cxd3 Bb3 27.Qe1 a5 28.g5 Qe7 
29.f5 h5 30.Rhg1 Rec8 31.Nxh5 gxh5 32.Qh4 f6 33.Qxh5+ Kg8 34.gxf6 Qxf6 35.
Kh1+ Bg7 36.Rxg7+ Kxg7 37.Rg1+ Kf8 38.Bh6+ 1-0

[Event "28. Friedensfest-Open (AFRO-A)"]
[Site "Augsburg"]
[Date "2023.08.05"]
[Round "6.32"]
[White "Steinberger, Michael"]
[Black "Vogel, Darius"]
[Result "1/2-1/2"]
[WhiteElo "1561"]
[BlackElo "1884"]
[EventDate "2023.08.03"]
[Time "15:30:00"]
[WhiteTeam "Schachfreunde Augsburg"]
[BlackTeam "TSV Trostberg"]

1.e4 c5 2.Nf3 d6 3.d4 cxd4 4.Nxd4 Nf6 5.Nc3 a6 6.Be3 e5 7.Nb3 Be7 8.Be2 
Be6 9.f3 d5 10.exd5 Nxd5 11.Nxd5 Bxd5 12.O-O Nc6 13.Qd2 O-O 14.Rfd1 Be6 
15.Qxd8 Rfxd8 16.c3 b5 17.Bd3 Bd5 18.Rd2 Rac8 19.Rad1 Be6 20.Bb6 Re8 21.
Be4 a5 22.Bd5 a4 23.Bxe6 fxe6 24.Na5 Nxa5 25.Bxa5 Bc5+ 26.Kf1 Kf7 27.Re2 
Kf6 28.Rde1 Bd6 29.Bb4 Bb8 30.Rd2 Red8 31.Red1 Bc7 32.Bd6 Bxd6 33.Rxd6 
Rxd6 34.Rxd6 a3 35.Rb6 Rc5 36.bxa3 Rxc3 37.Rxb5 Rc2 38.a4 Rxa2 39.Rb4 h6 
40.h4 Kg6 41.Kg1 Kf5 42.Kh2 g5 43.hxg5 hxg5 44.Kh3 Ra3 45.Kg3 Ra2 46.Rc4 
Ra3 47.Kh3 Ra2 48.g4+ Kf6 49.Kg3 Ke7 50.Rc7+ Kf6 51.Ra7 Kg6 52.a5 Kf6 53.
Ra8 Kf7 54.a6 Kf6 55.a7 Kg7 56.Kh3 Kh7 57.Kg3 Kg7 58.Re8 Rxa7 59.Rxe6 
1/2-1/2

[Event "28. Friedensfest-Open (AFRO-A)"]
[Site "Augsburg"]
[Date "2023.08.05"]
[Round "6.7"]
[White "Doll, Luca Fabio"]
[Black "Weichlein, Paul"]
[Result "0-1"]
[WhiteElo "1757"]
[BlackElo "2021"]
[EventDate "2023.08.03"]
[Time "15:30:00"]
[WhiteTeam "TSV Langenau"]
[BlackTeam "SAbt TSV Haunstetten"]

1.e4 c5 2.Nf3 d6 3.d4 cxd4 4.Nxd4 Nf6 5.Nc3 g6 6.Be3 Bg7 7.f3 O-O 8.Bc4 
Nc6 9.Qd2 Nxd4 10.Bxd4 Be6 11.Bxe6 fxe6 12.O-O Qa5 13.Rad1 Rac8 14.Rfe1 
Nd7 15.Bxg7 Kxg7 16.Qd4+ Ne5 17.Rb1 Kg8 18.Qe3 Nc4 19.Qc1 Nxb2 20.Qxb2 
Rxc3 21.Qxb7 Qg5 22.Qxa7 Rxc2 23.g3 Qh5 0-1

[Event "28. Friedensfest-Open (AFRO-A)"]
[Site "Augsburg"]
[Date "2023.08.03"]
[Round "1.18"]
[White "Berlizov, Wladislaw"]
[Black "Weichlein, Paul"]
[Result "0-1"]
[WhiteElo "1873"]
[BlackElo "2021"]
[EventDate "2023.08.03"]
[Time "09:30:00"]
[WhiteTeam "SC 1947 Beilngries"]
[BlackTeam "SAbt TSV Haunstetten"]

1.e4 c5 2.Nf3 d6 3.d4 cxd4 4.Nxd4 Nf6 5.Nc3 g6 6.Be3 Bg7 7.f3 O-O 8.Bc4 
Nc6 9.Qd2 Nxd4 10.Bxd4 Be6 11.Bb3 Qa5 12.O-O b5 13.Rac1 Bxb3 14.axb3 Rfd8 
15.Ra1 Qb4 16.Qf2 Nxe4 17.Nd5 Bxd4 18.Nxb4 Nxf2 19.Nc6 Nh3+ 20.Kh1 Bxb2 
21.Ra2 Rd7 22.Rxb2 Nf4 23.Ra2 Nd5 24.Ra5 Rc7 25.Nd4 Nc3 26.Kg1 Rb8 27.Re1 
b4 28.f4 e6 29.Rea1 Rbb7 30.Kf2 Nd5 31.g3 Nf6 32.Ke2 Ne4 33.Ke3 d5 34.R1a2
Kg7 35.Ra6 h5 36.Nc6 Nc5 37.Nd8 Rb8 38.Rd6 Ne4 39.Nxe6+ fxe6 40.Rxe6 Rbc8 
41.Raa6 Kf7 42.Rxg6 Re7 43.Kd4 Rxc2 44.Kxd5 Rxh2 45.Rh6 Kf8 46.Rag6 Rd2+ 
47.Kc4 Rc2+ 48.Kd5 Rc3 49.Rh8+ Kf7 50.f5 Nf6+ 51.Kd6 Rd7+ 52.Ke5 Rc5+ 53.
Kf4 Rd4+ 54.Kg5 Rxf5+ 0-1

[Event "28. Friedensfest-Open (AFRO-A)"]
[Site "Augsburg"]
[Date "2023.08.03"]
[Round "2.9"]
[White "Braun, Kristin"]
[Black "Vuong, Anh-Tu"]
[Result "1-0"]
[WhiteElo "1868"]
[BlackElo "2031"]
[EventDate "2023.08.03"]
[Time "15:30:00"]
[WhiteTeam "SC JAEKLECHEMIE Talente Franken"]
[BlackTeam "TSV Landsberg"]

1.e4 c5 2.Nf3 d6 3.d4 cxd4 4.Nxd4 Nf6 5.Nc3 g6 6.Be3 Bg7 7.f3 O-O 8.Qd2 
Nc6 9.g4 Be6 10.O-O-O Nxd4 11.Bxd4 Qa5 12.Kb1 Rfc8 13.a3 Rab8 14.h4 b5 15.
Nxb5 Rxb5 16.Bxb5 Qxb5 17.h5 Rb8 18.hxg6 hxg6 19.Qh2 Qc4 20.Rd3 Qa2+ 21.
Kc1 Rc8 22.e5 dxe5 23.Bxe5 Qc4 24.Bc3 Bd5 25.Qe5 e6 26.Qh2 Qc7 27.Be5 Qc4 
28.Rc3 Qa6 29.Bxf6 Bxf6 30.Rxc8+ Qxc8 31.Qh7+ Kf8 32.Qh8+ Bxh8 33.Rxh8+ 
Kg7 34.Rxc8 Bxf3 35.g5 f5 36.gxf6+ Kf7 37.Kd2 g5 38.Ke3 g4 39.Rc7+ Kxf6 
40.Rxa7 Bd1 41.c4 g3 42.Rd7 Ba4 43.Rd2 Bc6 44.Kf4 g2 45.Rd1 e5+ 46.Kg3 Kf5
47.b4 Ba4 48.Re1 Bc6 49.b5 Ba8 50.c5 Be4 51.c6 Ke6 52.Kf2 Bd5 53.Rc1 Kd6 
54.c7 Bb7 55.c8=Q 1-0

[Event "28. Friedensfest-Open (AFRO-A)"]
[Site "Augsburg"]
[Date "2023.08.03"]
[Round "1.23"]
[White "Schaad, Simon Ulrich Maria"]
[Black "Schwan, Aaron"]
[Result "0-1"]
[WhiteElo "1724"]
[BlackElo "1834"]
[EventDate "2023.08.03"]
[Time "09:30:00"]
[WhiteTeam "SK Keres-Augsburg 1980"]
[BlackTeam "SK Tarrasch 1945 München"]

1.e4 c5 2.Nf3 e6 3.c3 Nf6 4.e5 Nd5 5.b4 cxb4 6.c4 Nb6 7.d4 Be7 8.Bd3 Nc6 
9.Nbd2 O-O 10.d5 exd5 11.cxd5 Nxd5 12.Ne4 Nc3 13.Nxc3 bxc3 14.O-O d6 15.
Be4 Nxe5 16.Nxe5 dxe5 17.Qb3 Qc7 18.Be3 Be6 19.Qxb7 Qxb7 20.Bxb7 Rab8 21.
Be4 a5 22.Rfc1 Ba3 23.Rc2 Bb2 0-1

[Event "28. Friedensfest-Open (AFRO-A)"]
[Site "Augsburg"]
[Date "2023.08.05"]
[Round "6.9"]
[White "Niedermeier, Thomas"]
[Black "Portnov, Dmytro"]
[Result "0-1"]
[WhiteElo "2226"]
[BlackElo "1818"]
[EventDate "2023.08.03"]
[Time "15:30:00"]
[WhiteTeam "SV Ilmmuenster"]
[BlackTeam "SC Weisse Dame Ulm e.V."]

1.e4 c5 2.Nf3 e6 3.g3 d5 4.exd5 exd5 5.d4 cxd4 6.Nxd4 Nf6 7.Bg2 Bg4 8.Qd3 
Nc6 9.O-O Be7 10.Nc3 Qd7 11.Bg5 O-O 12.Rfe1 h6 13.Bf4 Rad8 14.a3 Rfe8 15.
Qd2 Bf8 16.Nxc6 bxc6 17.Rxe8 Rxe8 18.Re1 Rxe1+ 19.Qxe1 d4 20.Ne4 Nxe4 21.
Qxe4 c5 22.Qd5 Qe7 23.Qc4 Qd7 24.b3 Bf5 25.Qe2 Qe6 26.Qd1 Qg6 27.b4 Bxc2 
28.Qd2 Qd3 29.bxc5 Qxd2 30.Bxd2 Bxc5 31.Bb4 Bxb4 32.axb4 d3 33.Be4 g6 34.
g4 Bb1 35.Bf3 Kg7 36.Kf1 Kf6 37.Bd5 Ke5 38.Bxf7 Kd4 39.Bb3 Bc2 0-1

[Event "28. Friedensfest-Open (AFRO-A)"]
[Site "Augsburg"]
[Date "2023.08.03"]
[Round "2.3"]
[White "Niedermeier, Thomas"]
[Black "Haller, Quentin"]
[Result "1-0"]
[WhiteElo "2226"]
[BlackElo "2042"]
[EventDate "2023.08.03"]
[Time "15:30:00"]
[WhiteTeam "SV Ilmmuenster"]
[BlackTeam "?"]

1.e4 c5 2.Nf3 e6 3.g3 Nc6 4.Bg2 Nf6 5.Qe2 d5 6.d3 Be7 7.O-O O-O 8.e5 Nd7 
9.Re1 b5 10.Nbd2 a5 11.Nf1 b4 12.h4 Ba6 13.Bf4 c4 14.N1h2 b3 15.axb3 cxd3 
16.cxd3 Nc5 17.Red1 Nb4 18.Ne1 Nxb3 19.Ra3 Nxd3 20.Nxd3 Bxa3 21.bxa3 Nc5 
22.Bg5 Qc8 23.Qg4 f5 24.exf6 Bxd3 25.Bh6 g6 26.Bxf8 Qxf8 27.Qd4 Bc4 28.Ng4
Nd7 29.Ne5 Nxe5 30.Qxe5 Qf7 31.Bh3 Re8 32.Rb1 Qd7 33.Rb6 Kf7 34.Rd6 Qc8 
35.Kh2 h5 36.Qd4 Qc7 37.Qe5 Qc8 38.Rb6 Bd3 39.a4 Bf5 40.Bxf5 gxf5 41.Qe2 
Kxf6 42.Qxh5 Rg8 43.Qh6+ Rg6 44.Qd2 Qc4 45.Rb5 Qxa4 46.Rxa5 Qc4 47.Qb2+ d4
48.Qb8 Rg7 49.Qd8+ Re7 50.Ra7 Qb4 51.Qf8+ 1-0

[Event "28. Friedensfest-Open (AFRO-A)"]
[Site "Augsburg"]
[Date "2023.08.04"]
[Round "4.2"]
[White "Reimann, Sebastian"]
[Black "Blodig, Vincent"]
[Result "1-0"]
[WhiteElo "2265"]
[BlackElo "1542"]
[EventDate "2023.08.03"]
[Time "15:30:00"]
[WhiteTeam "SK Kriegshaber"]
[BlackTeam "Schachfreunde Augsburg"]

1.e4 c5 2.Nf3 e6 3.g3 Nc6 4.Bg2 Nf6 5.Nc3 Be7 6.O-O e5 7.d3 d6 8.h3 h6 9.
Nh2 O-O 10.f4 Nd4 11.Be3 Be6 12.Rf2 b5 13.f5 Bd7 14.h4 Bc6 15.Nd5 Nxd5 16.
exd5 Bd7 17.Be4 b4 18.a4 b3 19.cxb3 Rb8 20.Qh5 f6 21.Qg4 Kh8 22.Qh3 Rxb3 
23.g4 Re8 24.Rg2 Qb8 25.Rb1 Qc8 26.Rf1 c4 27.Rc1 Qb8 28.Rxc4 Rxb2 29.Rxb2 
Qxb2 30.Qg2 Qxg2+ 31.Kxg2 Bd8 32.Bxd4 exd4 33.Nf3 Bb6 34.a5 Bxa5 35.Nxd4 
Rc8 36.Nc6 Bxc6 37.dxc6 Kg8 38.Bd5+ Kf8 39.Be6 Rc7 40.Bd7 Bb6 41.Re4 a5 
42.Kf3 Kf7 43.Re8 Ba7 44.Ke4 a4 45.Kd5 Bc5 46.d4 Bb4 47.Rb8 Bd2 48.Rb7 Ba5
49.Kxd6 Rxb7 50.cxb7 Be1 51.Be6+ Ke8 52.b8=R# 1-0

[Event "28. Friedensfest-Open (AFRO-A)"]
[Site "Augsburg"]
[Date "2023.08.05"]
[Round "5.25"]
[White "Bangerter, Daria"]
[Black "Knoll, Georg"]
[Result "1/2-1/2"]
[WhiteElo "1802"]
[BlackElo "1958"]
[EventDate "2023.08.03"]
[Time "09:30:00"]
[WhiteTeam "Zuerich Reti ASK"]
[BlackTeam "VfL Leipheim 1898"]

1.e4 c5 2.Nf3 e6 3.c3 Nf6 4.e5 Nd5 5.d4 cxd4 6.cxd4 Nc6 7.Nc3 Nxc3 8.bxc3 
d6 9.exd6 Bxd6 10.Bd3 Qa5 11.Bd2 h6 12.O-O Bd7 13.Qe2 O-O 14.Rfb1 Qc7 15.
Qe4 f5 16.Qe2 e5 17.Bc4+ Kh7 18.h4 Be8 19.dxe5 Nxe5 20.Bd5 Rb8 21.Rxb7 
Rxb7 22.Bxb7 Qxb7 23.Nxe5 Qb2 24.Rd1 Ba4 25.Nc4 Bxd1 26.Qxd1 Qb8 27.Be3 
Bh2+ 28.Kh1 Bf4 29.Bd4 Qb5 30.Ne3 Qd7 31.Qf3 Bxe3 32.Qxe3 a5 33.Qg3 f4 34.
Qf3 Qf5 35.a3 Re8 36.Kh2 Re6 37.Qb7 Rg6 38.Qf3 Rg4 39.Qh3 Qh5 40.g3 Qf5 
41.Qg2 Qd3 42.Be5 fxg3+ 43.Bxg3 Qxc3 44.Qd5 Rxg3 45.fxg3 Qxa3 46.Qe4+ Kg8 
47.Qd5+ Kf8 48.Qf5+ Ke7 49.Qe5+ Kf7 50.Qf5+ Kg8 51.Qe6+ Kh8 52.Qc8+ 
1/2-1/2